Statistics for Kragujevac kviz

Click here to take the quiz!

General Stats

  • This quiz has been taken 84 times
  • The average score is 5 of 11

Answer Stats

QuestionAnswer% Correct
Koja srednja skola od navedenih nije blizu velikog parka?Sup
70%
Koliko je bilo snega ove zime? (2022-2023)Slabo
69%
Da li klizaliste u centru jos uvek radi?Ne
61%
Koji od navedenih supermarketa ima na najvise mesta?Trnava
52%
Koja od navedenih radnji u plazi se nalazi na prizemljuDeichmann
50%
Koji od navedenih buseva NE prolazi kod ureda20
44%
Odakle krece i dokle ide bus 5A?Vinogradi - Male Pcelice
44%
Koji od navedenih buseva ne postoji?12
41%
Kad se otvorila trnava kod plaze?2022
38%
Koja od navedenih radnja blizu ureda se zatvorila?Aman
38%
Koliko dugo semafori kod raskrsnice male vage ne rade?oko 30 godina
14%

Score Distribution

Percentile by Number Answered

Percent of People with Each Score

Your Score History

You have not taken this quiz